Formula One Countries - Sudden Death - Statistics

General Stats
  • This quiz has been taken 21 times
  • The average score is 28 of 34
Answers on the Grid
Answers color-coded by a green-red scale on the quiz's grid according to % correct below.
Argentina
Armenia
Australia
Austria
Azerbaijan
Bahrain
Belgium
Brazil
Canada
China
Colombia
Cuba
Czechia
Denmark
Finland
France
Germany
Greece
Hungary
India
Indonesia
Iran
Iraq
Italy
Japan
Jordan
Kazakhstan
Malaysia
Mexico
Monaco
Morocco
Netherlands
New Zealand
Norway
Poland
Portugal
Qatar
Russia
San Marino
Saudi Arabia
Singapore
South Africa
South Korea
Spain
Sweden
Switzerland
Syria
Turkey
United Arab Emirates
United Kingdom
United States
Yemen
 
Answer Stats
Answer % Correct
Canada
100%
France
100%
Germany
100%
Japan
100%
United Kingdom
100%
United States
100%
Australia
94%
Austria
94%
Brazil
94%
Italy
94%
Spain
94%
Bahrain
89%
Belgium
89%
China
89%
Mexico
89%
Monaco
89%
Netherlands
89%
United Arab Emirates
89%
Qatar
83%
Saudi Arabia
83%
Hungary
78%
Argentina
72%
Portugal
72%
Singapore
72%
Switzerland
72%
Azerbaijan
67%
Russia
67%
South Africa
67%
South Korea
67%
Malaysia
61%
Turkey
61%
India
56%
Sweden
56%
Morocco
50%
No matching quizzes found
Score Distribution
Percent of People with Each Score
Percentile by Number Answered
Your Score History
You have not taken this quiz